000 00686nam a22002417a 4500
003 UA-OsUOA
001 49330
007 ta
008 20131218b un ||||| |||| 00| 0 ukr d
100 _aЛермонтов М.
090 _a09.-82-1
_bЛ49
942 _cBR
040 _aUA-OsUOA
_brus
_cUA-OsUOA
_dUA-OsUOA
245 _aИзбранные стихотворения
300 _a32 с.
955 _a3
041 _arus
080 _a09.-82-1
260 _aБайройт
_bLorenz Ellwanger
650 7 _a0 Загальний відділ.
_2UDC
999 _c429456
_d429456